Dizionario del turista italiano-francese, francese-italiano
Gespeichert in:
| 1. Verfasser: | |
|---|---|
| Format: | Buch |
| Sprache: | Undetermined |
| Veröffentlicht: |
Milan, Italia
Antonio Vallardi
1960
|
| Schlagworte: | |
| Tags: |
Tag hinzufügen
Keine Tags, Fügen Sie den ersten Tag hinzu!
|
MARC
| LEADER | 00000nam a2200000Ia 4500 | ||
|---|---|---|---|
| 008 | 170316s9999 xx 000 0 und d | ||
| 040 | |a cru BVZT | ||
| 090 | |a R-413 L-3d ITA-FRA | ||
| 100 | |a Laurent, G. | ||
| 245 | |a Dizionario del turista italiano-francese, francese-italiano | ||
| 260 | |a Milan, Italia | ||
| 260 | |b Antonio Vallardi | ||
| 260 | |c 1960 | ||
| 300 | |a xxiv, 188 páginas | ||
| 650 | 0 | |a REFERENCIA |9 27 | |
| 650 | 0 | |a DICCIONARIO |9 28 | |
| 650 | 0 | |a ITALIANO-FRANCÉS |9 108 | |
| 942 | |c REF |2 z | ||
| 999 | |c 14780 |d 14780 | ||
